000 00472cam a2200181 4500
001 D8297
008 090401t1952 xxu||||| |||| 00| 0 eng d
035 _a(Sirsi) u12216
041 _aeng
050 _a347.4104
100 _aRodgers, Spencer C
245 4 _aThe Lands Tribunal: procedure and practice with statutes, rules and forms
260 _aLondon
_bEstates Gazette
_c1952
300 _axxxi. 326p. 23cm
350 _a1.38
942 _n0
948 _c04/03/1997
999 _c86959
_d86959